New species of Eleutherodactylus (<Amphibia: Leptodactylidae>) from western Colombia with cranial co-ossification (Registro nro. 9226)

Detalles MARC
000 -CABECERA
Campo de control 006370000a22001930004500
090 ## - CLASIFICACIÓN LOCAL
Colección AR
Consecutivo 00125
041 0# - IDIOMA
Código de idioma para texto/pista de sonido o título separado
100 1# - ASIENTO PRINCIPAL--NOMBRE PERSONAL
Nombre personal Lynch, John D.
245 10 - MENCION DE TITULO
Título New species of Eleutherodactylus (<Amphibia: Leptodactylidae>) from western Colombia with cranial co-ossification
650 14 - ASIENTO SECUNDARIO DE MATERIA - TERMINO TEMATICO
Término temático o nombre geográfico como elemento de entrada Anfibios
650 14 - ASIENTO SECUNDARIO DE MATERIA - TERMINO TEMATICO
Término temático o nombre geográfico como elemento de entrada Fauna
650 14 - ASIENTO SECUNDARIO DE MATERIA - TERMINO TEMATICO
Término temático o nombre geográfico como elemento de entrada Nuevas especies
650 14 - ASIENTO SECUNDARIO DE MATERIA - TERMINO TEMATICO
Término temático o nombre geográfico como elemento de entrada Taxonomía animal
650 14 - ASIENTO SECUNDARIO DE MATERIA - TERMINO TEMATICO
Término temático o nombre geográfico como elemento de entrada Morfología
651 #4 - ASIENTO SECUNDARIO DE MATERIA - NOMBRE GEOGRAFICO
-- Antioquia
-- Colombia
653 ## - TERMINO DE INDIZACION - NO CONTROLADO
-- Leptodactylidae
-- Eleutherodactylus
-- Eleotherodactylus bellona
773 1# - Item fuente:
Título Copeia
Especificación de materiales 43
Descripción física 3
Paginas del Articulo 826-831
Lugar, editorial y fecha de publicación 1992
942 ## - ELEMENTOS ADICIONALES (KOHA)
Tipo de ítem Artículo
Existencias
Withdrawn status Lost status Sistema de Clasificación Damaged status No para préstamo Colección Ubicación Permanente Ubicación actual Fecha de adquisición Total Checkouts Número topográfico Inventario / Código de Barras Date last seen Ejemplar Price effective from Tipo de material
    Dewey Decimal Classification   No para Préstamo Hemeroteca Bogotá Bogotá 27/02/2015   AR 00125 Fuera de circulación 010357 25/03/2015 1 25/03/2015 Artículo